Riconosci il Pokémon - Quiz n°773 - Statistics

Statistiche generali
  • Questo quiz è stato fatto 1 volte
  • Il punteggio medio è 10 su 10
Statistiche sulle risposte
Indizio Riposta % Corretto
Altezza 1,0 m
100%
Tasso di cattura 25 (7.7%)
100%
Sesso 50% ♂, 50% ♀
100%
Peso 65,0 kg
100%
Tipo Acqua / Volante
100%
Stadio evoluzione Forma Baby
100%
Tasso di allevamento Lento
100%
Pokémon Mantyke
100%
Abilità Nuotovelox; Assorbacqua; Idrovelo
100%
Generazione Quarta
100%
Nessun quiz corrispondente trovato
Distribuzione punteggi
Percentuale di utenti per punteggio
Percentile per numero di risposta
I tuoi punteggi nel tempo
Non hai fatto questo quiz